Historia de la bibliografía en España / (Registro nro. 10473)
[ vista simple ]
| 000 -LEADER | |
|---|---|
| campo de control de longitud fija | 00909nam a2200265 i 4500 |
| 001 - NÚMERO DE CONTROL | |
| campo de control | 10473 |
| 003 - IDENTIFICADOR DE NÚMERO DE CONTROL | |
| campo de control | ES-MaACL |
| 005 - FECHA Y HORA DE LA ÚLTIMA TRANSACCIÓN | |
| campo de control | 20240613063023.0 |
| 007 - CAMPO FIJO DE DESCRIPCIÓN FÍSICA--INFORMACIÓN GENERAL | |
| campo de control de longitud fija | t| |
| 008 - DATOS DE LONGITUD FIJA--INFORMACIÓN GENERAL | |
| campo de control de longitud fija | 950629s1994 sp ||||1| spa d |
| 020 ## - NÚMERO INTERNACIONAL ESTÁNDAR DEL LIBRO | |
| Número Internacional Estándar del Libro | 84-8213-006-4 |
| 080 ## - NÚMERO DE LA CLASIFICACIÓN DECIMAL UNIVERSAL | |
| Número de la Clasificación Decimal Universal | 01(46)(09) |
| 100 1# - ENTRADA PRINCIPAL--NOMBRE DE PERSONA | |
| Nombre de persona | Fernández Sánchez, José, |
| Fechas asociadas al nombre | 1925-2011 |
| 9 (RLIN) | 152297 |
| 245 10 - MENCIÓN DEL TÍTULO | |
| Título | Historia de la bibliografía en España / |
| Mención de responsabilidad, etc. | José Fernández Sánchez. |
| 250 ## - MENCION DE EDICION | |
| Mención de edición | [4ª ed.]. |
| 260 ## - PUBLICACIÓN, DISTRIBUCIÓN, ETC. | |
| Lugar de publicación, distribución, etc. | Madrid : |
| Nombre del editor, distribuidor, etc. | Compañía Literaria, |
| Fecha de publicación, distribución, etc. | D.L. 1994. |
| 300 ## - DESCRIPCIÓN FÍSICA | |
| Extensión | IV, 299 p., [8] h. de lám. ; |
| Dimensiones | 22 cm. |
| 650 #4 - PUNTO DE ACCESO ADICIONAL DE MATERIA--TÉRMINO DE MATERIA | |
| Término de materia o nombre geográfico como elemento de entrada | Bibliografía- |
| Subdivisión geográfica | España. |
| 9 (RLIN) | 10517 |
| 852 ## - LOCALIZACIÓN | |
| Ubicación | ES-MaACL |
| Número de control de estantería | L-17882 |
| Sublocalización o colección | R.123995 |
| itemnumber | 10760 |
| 852 ## - LOCALIZACIÓN | |
| Ubicación | ES-MaACL |
| Número de control de estantería | A-15091 |
| itemnumber | 10759 |
| Ubicación en estantería | Depósito 1 |
| Signatura antigua | Olim: 01(460) FER his |
| Donativo/Legado | Legado: Juan Antonio Porto |
| 903 ## - NOMBRE PERSONAL DE DONANTE | |
| a | Porto, Juan Antonio, |
| d | 1937-2021 |
| e | Donante |
| q | 1 |
| 9 | 93285 |
| 942 ## - ELEMENTOS DE ENTRADA SECUNDARIOS (KOHA) | |
| Fuente del sistema de clasificación o colocación | Clasificación decimal universal |
| Tipo de ítem Koha | Libro impreso |
| Estatus retirado | Estado de pérdida | Fuente del sistema de clasificación o colocación | Estado de daño | No para préstamo | Colección | Biblioteca de origen | Biblioteca actual | Ubicación en estantería | Fecha de adquisición | Fuente de adquisición | Total de préstamos | Signatura topográfica completa | Código de barras | Visto por última vez | Precio de reemplazo | Tipo de ítem Koha |
|---|---|---|---|---|---|---|---|---|---|---|---|---|---|---|---|---|
| Clasificación decimal universal | Biblioteca profesional | Biblioteca del Ateneo de Madrid | Biblioteca del Ateneo de Madrid | Depósito 1 | 04/10/2022 | Legado | A-15091 | 1204059 | 23/02/2023 | 23/02/2023 | Libro impreso | |||||
| Clasificación decimal universal | Biblioteca profesional | Biblioteca del Ateneo de Madrid | Biblioteca del Ateneo de Madrid | Depósito 2 | 17/01/2008 | L-17882 | 1010683 | 23/02/2023 | 23/02/2023 | Libro impreso |
